LEADER 00700nam a2200193 i 4500 001 000000181376 003 CaOOAMICUS 005 20090903000000.0 008 090903s1921 it u000 u ita u 013 $a159208 040 $aSeMil$bita 245 10$aFascicolo 1. 300 $a342 p. 490 0 $aStudi e testi ;$v34 773 0 $aGuidi, Pietro$tInventari del vescovato della cattedrale e di altre chiese di Lucca.$dRoma : Tipografia Poliglotta Vaticana, 1921.$w()21951 830 0$aStudi e testi ;$v34.$0(OLS)http://semarc/title/153 850 $aSeMil 852 $aSeMil$W1$xVenegono$y1$m3C V 59$j132117$B132117$CSeMilBibl$Z2$F143934 $81 996 $6245$aFascicolo 1$9(OLS)http://semarc/title/205871 LEADER 01231nam a2200265 i 4500 001 000000122219 003 CaOOAMICUS 005 20160518000000.0 008 160518s2015 it u000 u ita u 013 $a94914 020 $a978-88-819-9078-8 040 $aSeMil$bita 100 1 $aZois, Giuseppe.$0(OLS)http://semarc/name/24190 245 10$aPer chi crede e per chi cerca :$bsulle strade di Dio con il Vescovo Pier Giacomo Grampa /$cGiuseppe Zois. 260 $aPerugia :$bEdizioni Frate Indovino,$c2015. 300 $a143 p. ;$c22 cm. 490 0 $aOasi della Parola 650 4$aGrampa, Pier Giacomo - Scritti, discorsi, omelie, lettere pastorali, ecc.$0(OLS)http://semarc/subject/23180 830 0$aOasi della Parola.$0(OLS)http://semarc/title/44919 850 $aSeMil 852 $aSeMil$W1$xVenegono$y1$m2F III 434$j77225$B77225$CSeMilBibl$Z2$F79065 $81 961 $aOmaggio: Delpini mons. Mario 996 $6020$a978-88-819-9078-8$9(OLS)http://semarc/number/107917 996 $6245$aPer chi crede e per chi cerca :$bsulle strade di Dio con il Vescovo Pier Giacomo Grampa$9(OLS)http://semarc/title/180081 996 $6260$aPerugia :$bEdizioni Frate Indovino$9(OLS)http://semarc/publisher/32728